[Event "CHN-ch"]
[Site "Xinghua"]
[Date "2025.06.30"]
[Round "8"]
[White "Jiang, Haochen"]
[Black "Xiao, Tong"]
[Result "1/2-1/2"]
[WhiteElo "2450"]
[BlackElo "2520"]
[PlyCount "223"]
[EventDate "2025.06.23"]
[EventType "swiss"]
[EventRounds "11"]
[EventCountry "CHN"]
[SourceTitle "CB28_2025"]
[SourceDate "2025.07.09"]
[SourceVersion "1"]
[SourceVersionDate "2025.07.09"]
[SourceQuality "1"]

1. e4 c5 2. Nf3 e6 3. g3 d5 4. d3 dxe4 5. dxe4 Qxd1+ 6. Kxd1 Nc6 7. Nbd2 Nf6 8. Bb5 Bd7 9. a4 Bd6 10. Ke2 Bc7 11. b3 0-0-0 12. Bb2 e5 13. Rhd1 Rhe8 14. Ba3 a6 15. Bd3 Nb4 16. Ne1 b5 17. axb5 axb5 18. c4 Nxd3 19. Nxd3 bxc4 20. bxc4 Ba5 21. Nb3 Bc3 22. Rac1 Nxe4 23. f3 Ba4 24. fxe4 Bxb3 25. Rxc3 Bxd1+ 26. Kxd1 Rd4 27. Bxc5 Rxe4 28. Nb4 Rd8+ 29. Nd5 Kb7 30. Be3 Kc6 31. Ke2 Rxd5 32. cxd5+ Kxd5 33. Kf3 Ra4 34. Rc7 Ke6 35. g4 h6 36. Rb7 Rc4 37. Ra7 Rc6 38. Ra4 f5 39. gxf5+ Kxf5 40. Ra7 Rc2 41. Bf2 Rc3+ 42. Kg2 g5 43. Rf7+ Kg6 44. Rf8 h5 45. Bg3 Rc2+ 46. Kf3 g4+ 47. Ke4 h4 48. Bxe5 g3 49. h3 Re2+ 50. Kd5 Rf2 51. Rh8 g2 52. Ke6 Rf3 53. Rg8+ Kh6 54. Rxg2 Rxh3 55. Bf4+ Kh7 56. Kf6 Rh1 57. Rg7+ Kh8 58. Be5 Re1 59. Rg4 Rf1+ 60. Bf4 Ra1 61. Rxh4+ Kg8 62. Rg4+ Kh7 63. Rg7+ Kh8 64. Be5 Rf1+ 65. Ke7 Re1 66. Rg5+ Kh7 67. Kf7 Rf1+ 68. Bf6 Kh6 69. Ra5 Rf2 70. Ra4 Rf5 71. Re4 Ra5 72. Rf4 Rh5 73. Be7 Ra5 74. Rb4 Rf5+ 75. Ke6 Rf1 76. Bf6 Kg6 77. Rg4+ Kh5 78. Rg5+ Kh6 79. Kf7 Rf2 80. Rg4 Rf5 81. Ke6 Rf1 82. Be5 Kh5 83. Rg8 Kh6 84. Bf6 Kh5 85. Rg5+ Kh6 86. Rg2 Kh5 87. Bd4 Rf4 88. Be3 Rg4 89. Rh2+ Rh4 90. Rg2 Rg4 91. Rf2 Rg6+ 92. Kf5 Rg5+ 93. Ke4 Rg4+ 94. Ke5 Rg6 95. Rf5+ Kg4 96. Rf4+ Kh5 97. Ra4 Rg4 98. Bf4 Rg2 99. Ra5 Kg4 100. Ke4 Re2+ 101. Be3 Rg2 102. Ra8 Rg3 103. Rh8 Rg2 104. Rh7 Rg3 105. Bf4 Rg2 106. Rf7 Re2+ 107. Be3 Rg2 108. Rf5 Rg3 109. Rf2 Kh3 110. Bf4 Rg2 111. Rf1 Kg4 112. Be3 1/2-1/2

[Event "CHN-ch"]
[Site "Xinghua"]
[Date "2025.06.28"]
[Round "6"]
[White "Chen, Qi b"]
[Black "Jiang, Haochen"]
[Result "1/2-1/2"]
[WhiteElo "2472"]
[BlackElo "2450"]
[PlyCount "60"]
[EventDate "2025.06.23"]
[EventType "swiss"]
[EventRounds "11"]
[EventCountry "CHN"]
[SourceTitle "CB28_2025"]
[SourceDate "2025.07.09"]
[SourceVersion "1"]
[SourceVersionDate "2025.07.09"]
[SourceQuality "1"]

1. e4 e5 2. Nf3 Nc6 3. d4 exd4 4. Nxd4 Nf6 5. Nxc6 bxc6 6. e5 Qe7 7. Qe2 Nd5 8. Nd2 f6 9. exf6 Nxf6 10. Nb3 a5 11. a4 Ba6 12. Qxe7+ Bxe7 13. f3 Nd5 14. Bd2 Kf7 15. 0-0-0 Rhb8 16. Bxa6 Rxa6 17. Rhe1 Bf6 18. Re4 d6 19. g4 h6 20. f4 Nb4 21. g5 hxg5 22. fxg5 Be5 23. h4 Kg6 24. Rde1 Nd5 25. Rh1 Kh5 26. Rf1 Raa8 27. Kb1 Kg6 28. Rh1 Kh5 29. Rf1 Kg6 30. Rh1 Kh5 1/2-1/2

[Event "CHN-ch"]
[Site "Xinghua"]
[Date "2025.06.27"]
[Round "5"]
[White "Kong, Xiangrui"]
[Black "Jiang, Haochen"]
[Result "0-1"]
[WhiteElo "2470"]
[BlackElo "2450"]
[PlyCount "82"]
[EventDate "2025.06.23"]
[EventType "swiss"]
[EventRounds "11"]
[EventCountry "CHN"]
[SourceTitle "CB28_2025"]
[SourceDate "2025.07.09"]
[SourceVersion "1"]
[SourceVersionDate "2025.07.09"]
[SourceQuality "1"]

1. d4 Nf6 2. c4 e6 3. Nc3 d5 4. cxd5 Nxd5 5. e4 Nxc3 6. bxc3 c5 7. Rb1 Be7 8. Nf3 0-0 9. h4 b6 10. Bd3 cxd4 11. cxd4 Nc6 12. e5 Nb4 13. Ng5 h6 14. Bh7+ Kh8 15. Be4 Ba6 16. a3 Nd5 17. Rh3 Qd7 18. Qh5 f5 19. Qg6 Bxg5 20. hxg5 Ne7 21. Rxh6+ gxh6 22. Qxh6+ Kg8 23. Bxa8 Rxa8 24. Rb3 Rc8 25. g6 Rxc1+ 26. Qxc1 Qxd4 27. Qc7 Qa1+ 28. Kd2 Qa2+ 29. Qc2 Qxc2+ 30. Kxc2 Bc4 31. Rg3 Kg7 32. f4 Nd5 33. Rf3 Kxg6 34. a4 a6 35. g3 Kh5 36. Kd2 Kg4 37. Ra3 b5 38. axb5 axb5 39. Ra6 Kxg3 40. Rxe6 Kxf4 41. Re8 Nc7 0-1

[Event "Dongtai Rebecca Cup op"]
[Site "Dongtai"]
[Date "2025.06.17"]
[Round "3"]
[White "Zhou, Runyi"]
[Black "Jiang, Haochen"]
[Result "0-1"]
[WhiteElo "2301"]
[BlackElo "2450"]
[PlyCount "156"]
[EventDate "2025.06.17"]
[EventType "swiss"]
[EventRounds "9"]
[EventCountry "CHN"]
[SourceTitle "CB26_2025"]
[SourceDate "2025.06.25"]
[SourceVersion "1"]
[SourceVersionDate "2025.06.25"]
[SourceQuality "1"]

1. e4 e5 2. Nf3 Nc6 3. Bb5 a6 4. Ba4 Nf6 5. 0-0 Be7 6. d3 b5 7. Bb3 d6 8. c3 0-0 9. h3 Bb7 10. Re1 Na5 11. Bc2 c5 12. Nbd2 Qc7 13. Nf1 Rfe8 14. Ng3 Bf8 15. Bg5 Nd7 16. a3 g6 17. h4 Bg7 18. h5 Nf8 19. b4 Nc6 20. Bb3 Nd8 21. Nf1 Nfe6 22. Ne3 Nxg5 23. Nxg5 Bh6 24. hxg6 hxg6 25. Qg4 Bxg5 26. Qxg5 Ne6 27. Qh6 Qd8 28. Ng4 Bc8 29. Bd5 Ra7 30. g3 Nf8 31. Ne3 Qf6 32. Kg2 Qh8 33. Qxh8+ Kxh8 34. a4 Rc7 35. axb5 axb5 36. Ra5 cxb4 37. cxb4 Kg7 38. Rxb5 Ba6 39. Rb6 Bxd3 40. Rd1 Rc3 41. Rxd6 Rb8 42. Rc6 Rxc6 43. Bxc6 Bb5 44. Bxb5 Rxb5 45. Nd5 Ne6 46. Ra1 Nd4 47. Ra5 Rb8 48. Rc5 Ra8 49. b5 Ra5 50. Nc7 Kf6 51. Rd5 Ra2 52. b6 Rb2 53. Rd7 Ne6 54. Nd5+ Kg7 55. Kf1 Nc5 56. Rc7 Nxe4 57. b7 Rxf2+ 58. Ke1 Rb2 59. Ne7 Nd6 60. Nc6 Nxb7 61. Nxe5 Nd6 62. Rd7 Rb6 63. Kf2 Kf6 64. Ng4+ Ke6 65. Rd8 Rb2+ 66. Kf3 Rb3+ 67. Kf4 f6 68. Nf2 g5+ 69. Kg4 f5+ 70. Kh3 Rb2 71. Ng4 fxg4+ 72. Kxg4 Rb5 73. Kh5 Ne4 74. Re8+ Kf5 75. g4+ Kf4 76. Rf8+ Kg3 77. Rf7 Kh3 78. Rf5 Rxf5 0-1

[Event "Dubai op-A 25th"]
[Site "Dubai"]
[Date "2025.06.04"]
[Round "9"]
[White "Kacharava, Nikoloz"]
[Black "Jiang, Haochen"]
[Result "1-0"]
[WhiteElo "2516"]
[BlackElo "2439"]
[PlyCount "119"]
[EventDate "2025.05.27"]
[EventType "swiss"]
[EventRounds "9"]
[EventCountry "UAE"]
[SourceTitle "CB23_2025"]
[SourceDate "2025.06.04"]
[SourceVersion "1"]
[SourceVersionDate "2025.06.04"]
[SourceQuality "1"]

1. e4 e5 2. Nf3 Nc6 3. Bb5 a6 4. Ba4 Nf6 5. 0-0 Nxe4 6. d4 b5 7. Bb3 d5 8. dxe5 Be6 9. c3 Be7 10. Re1 0-0 11. Nbd2 Nc5 12. Nd4 Nxd4 13. cxd4 Nd3 14. Re3 Nxc1 15. Rxc1 c5 16. dxc5 Rc8 17. Rd3 Bxc5 18. Ne4 dxe4 19. Rxd8 Rfxd8 20. Qe1 Bxb3 21. axb3 Bd4 22. e6 fxe6 23. Rxc8 Rxc8 24. g3 Rf8 25. Qxe4 e5 26. Qd5+ Kh8 27. Kh1 h6 28. f4 exf4 29. Qxd4 fxg3 30. hxg3 Rf6 31. Qd5 Kh7 32. Kg2 Kh8 33. g4 Kh7 34. Kg3 Kh8 35. Qd8+ Kh7 36. Qc8 Kg6 37. Qg8 Rd6 38. Kf4 Rf6+ 39. Ke5 Rf1 40. Qe6+ Rf6 41. Qg8 Rb6 42. b4 Rf6 43. Qe8+ Kh7 44. Qc8 Kg6 45. Qg8 Rb6 46. Qe8+ Kh7 47. Qd8 Rc6 48. Qd3+ Kh8 49. Qd5 Rc4 50. Qf3 Kg8 51. Kf5 Kh7 52. g5 hxg5 53. Kxg5 Rd4 54. Qh5+ Kg8 55. Qe8+ Kh7 56. Qg6+ Kh8 57. Qxa6 Rxb4 58. Qc8+ Kh7 59. Qf5+ Kg8 60. Kg6 1-0

[Event "Dubai op-A 25th"]
[Site "Dubai"]
[Date "2025.05.31"]
[Round "5"]
[White "Jiang, Haochen"]
[Black "Farahat, Ali"]
[Result "1-0"]
[WhiteElo "2439"]
[BlackElo "2321"]
[PlyCount "69"]
[EventDate "2025.05.27"]
[EventType "swiss"]
[EventRounds "9"]
[EventCountry "UAE"]
[SourceTitle "CB23_2025"]
[SourceDate "2025.06.04"]
[SourceVersion "1"]
[SourceVersionDate "2025.06.04"]
[SourceQuality "1"]

1. e4 e5 2. Nf3 Nc6 3. Bb5 a6 4. Ba4 d6 5. 0-0 Nf6 6. c3 Bd7 7. Re1 g6 8. d4 Bg7 9. Bxc6 Bxc6 10. dxe5 Nxe4 11. exd6 0-0 12. dxc7 Qxc7 13. Be3 Rad8 14. Qc2 Nf6 15. Nbd2 Ng4 16. Bg5 Rd7 17. h3 h6 18. Bh4 Ne5 19. Bg3 Re8 20. Nxe5 Bxe5 21. Nc4 f6 22. Nxe5 fxe5 23. Qxg6+ Rg7 24. Qxh6 Qf7 25. Rad1 Qxa2 26. Rd6 Qf7 27. Re3 Qf5 28. Kh2 e4 29. Rf6 Qg5 30. Qxg5 Rxg5 31. Bf4 Rg7 32. Bh6 Rh7 33. Rg3+ Kh8 34. Be3 Rg7 35. Rxc6 1-0

[Event "Sharjah Masters-B 8th"]
[Site "Sharjah"]
[Date "2025.05.18"]
[Round "2"]
[White "Jiang, Haochen"]
[Black "Abu Azizah, Raji"]
[Result "0-1"]
[WhiteElo "2439"]
[BlackElo "2182"]
[PlyCount "114"]
[EventDate "2025.05.17"]
[EventType "swiss"]
[EventRounds "9"]
[EventCountry "UAE"]
[SourceTitle "CB22_2025"]
[SourceDate "2025.05.28"]
[SourceVersion "1"]
[SourceVersionDate "2025.05.28"]
[SourceQuality "1"]

1. e4 c5 2. Nf3 e6 3. Nc3 Nc6 4. Bb5 Nd4 5. Bd3 d6 6. Nxd4 cxd4 7. Ne2 e5 8. c3 dxc3 9. dxc3 Nf6 10. Ng3 a6 11. 0-0 Be7 12. Bc4 0-0 13. Qf3 Bg4 14. Qd3 Qc8 15. Bg5 b5 16. Bb3 Rd8 17. h3 Be6 18. Qf3 h6 19. Bxf6 Bxf6 20. Rad1 Bxb3 21. axb3 Qe6 22. Nf5 Kh7 23. Ne3 Qxb3 24. Nd5 Bg5 25. Qxf7 Qxb2 26. Qh5 Rf8 27. Nc7 Qxc3 28. Nxa8 Qc6 29. Qg4 Rxa8 30. h4 Be7 31. h5 b4 32. Rd5 b3 33. Qg6+ Kh8 34. Rxe5 Bf8 35. Rf5 b2 36. e5 Qc1 37. Rf7 dxe5 38. Rb7 a5 39. Qe4 Re8 40. Qa4 Rd8 41. Qxa5 Rd1 42. Qa6 b1Q 43. Rxb1 Qxb1 44. g3 Rxf1+ 45. Qxf1 Qxf1+ 46. Kxf1 Kg8 47. Ke2 Kf7 48. Kd3 Bc5 49. f3 Bf2 50. g4 Kf6 51. Ke4 Bd4 52. Kd5 Kg5 53. Ke4 Kh4 54. Kf5 Kg3 55. Ke4 Ba1 56. Ke3 Bb2 57. Ke4 Bd4 0-1

[Event "Asia-ch Blitz"]
[Site "Al Ain"]
[Date "2025.05.10"]
[Round "2"]
[White "Amartuvshin, Ganzorig"]
[Black "Jiang, Haochen"]
[Result "0-1"]
[WhiteElo "2429"]
[BlackElo "2439"]
[PlyCount "132"]
[EventDate "2025.05.10"]
[EventType "swiss (blitz)"]
[EventRounds "9"]
[EventCountry "UAE"]
[SourceTitle "CB20_2025"]
[SourceDate "2025.05.14"]
[SourceVersion "1"]
[SourceVersionDate "2025.05.14"]
[SourceQuality "1"]

1. d4 d5 2. c4 e6 3. Nc3 Nc6 4. cxd5 exd5 5. Nf3 Nf6 6. Bg5 Bb4 7. e3 h6 8. Bxf6 Qxf6 9. Bd3 Bg4 10. h3 Bxf3 11. Qxf3 Qxf3 12. gxf3 Ke7 13. Kd2 Kd6 14. Rac1 Nd8 15. a3 Bxc3+ 16. Rxc3 Ne6 17. f4 g5 18. f5 Ng7 19. b4 a6 20. Rhc1 c6 21. a4 Rhc8 22. f3 Nh5 23. e4 Nf4 24. e5+ Kd7 25. Bf1 a5 26. b5 cxb5 27. Bxb5+ Kd8 28. Bf1 Rxc3 29. Rxc3 Rc8 30. Rxc8+ Kxc8 31. Ke3 Kd8 32. h4 f6 33. hxg5 hxg5 34. Bb5 Ke7 35. Bf1 Nh5 36. Bd3 Nf4 37. Bc2 Kf7 38. Bb3 Ke7 39. Ba2 b6 40. Bb3 Ng2+ 41. Kf2 Nf4 42. Bc2 Kd7 43. Ke3 Kc6 44. Bb3 Kd7 45. Bc2 Kc7 46. Bb3 Kc6 47. Bc2 Nh5 48. Bd3 Kd7 49. Ba6 Ke7 50. Bb7 Nf4 51. Bc6 Ng2+ 52. Kf2 Nh4 53. Bxd5 Nxf5 54. exf6+ Kxf6 55. Be4 Nxd4 56. Ke3 Ke5 57. Bd3 Ne6 58. Bb5 Nc5 59. Bc6 Kd6 60. Bb5 Kd5 61. Be8 Kc4 62. Bc6 Kb4 63. Kd4 Nxa4 64. Ke5 Nc5 65. Kf5 a4 66. Kxg5 a3 0-1

[Event "Asia-ch Blitz"]
[Site "Al Ain"]
[Date "2025.05.10"]
[Round "3"]
[White "Jiang, Haochen"]
[Black "Begmuratov, Khumoyun"]
[Result "1/2-1/2"]
[WhiteElo "2439"]
[BlackElo "2461"]
[PlyCount "141"]
[EventDate "2025.05.10"]
[EventType "swiss (blitz)"]
[EventRounds "9"]
[EventCountry "UAE"]
[SourceTitle "CB20_2025"]
[SourceDate "2025.05.14"]
[SourceVersion "1"]
[SourceVersionDate "2025.05.14"]
[SourceQuality "1"]

1. c4 Nf6 2. Nc3 c5 3. Nf3 Nc6 4. d4 cxd4 5. Nxd4 d6 6. e4 g6 7. Be2 Bg7 8. Be3 0-0 9. 0-0 Nxd4 10. Bxd4 Bd7 11. Rc1 Bc6 12. f3 a5 13. Qd2 Nd7 14. Rfd1 Nc5 15. b3 Bxd4+ 16. Qxd4 Qb6 17. Rb1 Qb4 18. h4 Ne6 19. Qe3 Qc5 20. Kf2 Qe5 21. Nd5 Bxd5 22. exd5 Qxe3+ 23. Kxe3 Nc5 24. f4 Ra6 25. h5 Rb6 26. Bf3 Rc8 27. Be2 Rb4 28. Kd4 b5 29. Rbc1 gxh5 30. Rh1 bxc4 31. Rxc4 Rcb8 32. Rxh5 a4 33. Rxb4 Rxb4+ 34. Bc4 axb3 35. axb3 Rb8 36. Rh3 Nd7 37. g4 Kg7 38. g5 Rb4 39. Kc3 Rb8 40. Bd3 Rc8+ 41. Kd4 Nf8 42. b4 e6 43. Be4 exd5 44. Kxd5 Rb8 45. Rb3 Ne6 46. f5 Nxg5 47. Bh1 Rb5+ 48. Kc6 Rxf5 49. b5 Ne6 50. Rg3+ Kf6 51. b6 Rf1 52. Bd5 Rb1 53. b7 Nd8+ 54. Kc7 Nxb7 55. Bxb7 h5 56. Bd5 h4 57. Rg4 h3 58. Rh4 Ke5 59. Bc6 Rb3 60. Rh5+ f5 61. Bd7 Rf3 62. Bc6 d5 63. Kb6 Kd4 64. Rh4+ f4 65. Bd7 Ke3 66. Bxh3 d4 67. Bg4 Rg3 68. Bf5 Rg5 69. Bh7 d3 70. Bxd3 Kxd3 71. Rxf4 1/2-1/2

[Event "Asia-ch Blitz"]
[Site "Al Ain"]
[Date "2025.05.10"]
[Round "5"]
[White "Jiang, Haochen"]
[Black "Meng, Yihan"]
[Result "1-0"]
[WhiteElo "2439"]
[BlackElo "2443"]
[PlyCount "75"]
[EventDate "2025.05.10"]
[EventType "swiss (blitz)"]
[EventRounds "9"]
[EventCountry "UAE"]
[SourceTitle "CB20_2025"]
[SourceDate "2025.05.14"]
[SourceVersion "1"]
[SourceVersionDate "2025.05.14"]
[SourceQuality "1"]

1. Nf3 d5 2. d4 Nf6 3. e3 c5 4. dxc5 e6 5. b4 a5 6. c3 axb4 7. cxb4 b6 8. Bb5+ Bd7 9. Bxd7+ Nbxd7 10. a4 bxc5 11. b5 Be7 12. Bb2 0-0 13. Nbd2 c4 14. 0-0 Nc5 15. Ne5 Qc7 16. Nc6 Rfc8 17. Qe2 Nxa4 18. Be5 Qb7 19. e4 c3 20. Nb3 Nb6 21. Nba5 Qd7 22. Nxe7+ Qxe7 23. Nc6 Qd7 24. Bxf6 gxf6 25. e5 f5 26. Qe3 Rxa1 27. Rxa1 Rxc6 28. bxc6 Qxc6 29. h4 c2 30. Rc1 Qc7 31. f4 Nc4 32. Rxc2 Qa5 33. Qg3+ Kf8 34. Kh2 Qa4 35. Rc3 Qd1 36. Rb3 Nd2 37. Rb8+ Ke7 38. Qa3+ 1-0

[Event "Asia-ch Blitz"]
[Site "Al Ain"]
[Date "2025.05.10"]
[Round "6"]
[White "Sethuraman, SP."]
[Black "Jiang, Haochen"]
[Result "1-0"]
[WhiteElo "2552"]
[BlackElo "2439"]
[PlyCount "43"]
[EventDate "2025.05.10"]
[EventType "swiss (blitz)"]
[EventRounds "9"]
[EventCountry "UAE"]
[SourceTitle "CB20_2025"]
[SourceDate "2025.05.14"]
[SourceVersion "1"]
[SourceVersionDate "2025.05.14"]
[SourceQuality "1"]

1. e4 e5 2. Nf3 Nf6 3. Nxe5 d6 4. Nf3 Nxe4 5. Nc3 Nxc3 6. dxc3 Be7 7. Be3 Be6 8. Bd3 Nc6 9. Qe2 Qd7 10. 0-0-0 0-0-0 11. Bb5 Kb8 12. Ne5 dxe5 13. Rxd7 Bxd7 14. Rd1 Bd6 15. Qf3 f6 16. Bd3 Ne7 17. g4 h5 18. gxh5 f5 19. Qg2 Rxh5 20. Bg5 e4 21. Be2 Rxh2 22. Qg1 1-0

[Event "CHN-chT"]
[Site "Hebei"]
[Date "2025.05.02"]
[Round "8.2"]
[White "Zhao, Jun"]
[Black "Jiang, Haochen"]
[Result "1/2-1/2"]
[WhiteElo "2532"]
[BlackElo "2441"]
[PlyCount "101"]
[EventDate "2025.04.25"]
[EventType "team-swiss"]
[EventRounds "9"]
[EventCountry "CHN"]
[SourceTitle "CB20_2025"]
[SourceDate "2025.05.14"]
[SourceVersion "1"]
[SourceVersionDate "2025.05.14"]
[SourceQuality "1"]
[WhiteTeam "Shandong"]
[BlackTeam "Shenzhen"]
[WhiteTeamCountry "CHN"]
[BlackTeamCountry "CHN"]

1. e4 e5 2. Nf3 Nc6 3. Bb5 Nf6 4. 0-0 Nxe4 5. Re1 Nd6 6. Nxe5 Nxe5 7. Rxe5+ Be7 8. Bf1 0-0 9. Nc3 Ne8 10. Nd5 Bd6 11. Re1 c6 12. Ne3 Bc7 13. Nf5 d5 14. Ne7+ Kh8 15. Nxc8 Rxc8 16. d3 Qd7 17. Qf3 Nd6 18. Bd2 Rfe8 19. g3 Rxe1 20. Rxe1 Re8 21. Rxe8+ Nxe8 22. Bh3 Qe7 23. Qg4 Nd6 24. Bb4 h6 25. c4 dxc4 26. dxc4 Qd8 27. Bc3 Ne8 28. c5 Nf6 29. Qc8 Qxc8 30. Bxc8 Ne4 31. Bd4 b6 32. cxb6 axb6 33. Bb7 c5 34. Bxe4 cxd4 35. Kf1 d3 36. Bxd3 Be5 37. b3 g6 38. Ke2 f5 39. Bc2 Kg7 40. Kd3 Bd6 41. Kc4 Bc5 42. f3 Kf6 43. b4 Bg1 44. h3 Ke5 45. a4 Bf2 46. Kb5 Kd6 47. g4 fxg4 48. fxg4 g5 49. a5 bxa5 50. bxa5 Ke5 51. Kc4 1/2-1/2

[Event "CHN-chT"]
[Site "Hebei"]
[Date "2025.04.30"]
[Round "6.22"]
[White "Jiang, Haochen"]
[Black "Liu, Junyi"]
[Result "1-0"]
[WhiteElo "2441"]
[BlackElo "1714"]
[PlyCount "39"]
[EventDate "2025.04.25"]
[EventType "team-swiss"]
[EventRounds "9"]
[EventCountry "CHN"]
[SourceTitle "CB20_2025"]
[SourceDate "2025.05.14"]
[SourceVersion "1"]
[SourceVersionDate "2025.05.14"]
[SourceQuality "1"]
[WhiteTeam "Shenzhen"]
[BlackTeam "Anhui"]
[WhiteTeamCountry "CHN"]
[BlackTeamCountry "CHN"]

1. c4 Nf6 2. Nc3 g6 3. d4 Bg7 4. e4 d6 5. Be2 0-0 6. Be3 e5 7. d5 a5 8. g4 Na6 9. g5 Ne8 10. h4 f5 11. f3 Nc5 12. Qc2 f4 13. Bf2 c6 14. 0-0-0 Na6 15. c5 Qc7 16. h5 gxh5 17. dxc6 Nxc5 18. Nd5 Qf7 19. Bxc5 dxc5 20. Nb6 1-0

[Event "CHN-chT"]
[Site "Hebei"]
[Date "2025.04.29"]
[Round "5.10"]
[White "Jiang, Haochen"]
[Black "Li, Di"]
[Result "1/2-1/2"]
[WhiteElo "2441"]
[BlackElo "2571"]
[PlyCount "90"]
[EventDate "2025.04.25"]
[EventType "team-swiss"]
[EventRounds "9"]
[EventCountry "CHN"]
[SourceTitle "CB20_2025"]
[SourceDate "2025.05.14"]
[SourceVersion "1"]
[SourceVersionDate "2025.05.14"]
[SourceQuality "1"]
[WhiteTeam "Shenzhen"]
[BlackTeam "Chengdu"]
[WhiteTeamCountry "CHN"]
[BlackTeamCountry "CHN"]

1. e4 c6 2. d4 d5 3. e5 h5 4. c4 Bf5 5. Nc3 e6 6. Be2 Ne7 7. Nf3 Nd7 8. 0-0 a6 9. Bg5 f6 10. exf6 gxf6 11. Nh4 Qb6 12. Bxh5+ Kd8 13. Bf4 Qxb2 14. Rc1 dxc4 15. Nxf5 Nxf5 16. Bf7 Rh4 17. g3 Bd6 18. Bxe6 Bxf4 19. Rc2 Qxc2 20. Qxc2 Nxd4 21. Qb1 Nxe6 22. gxh4 Kc7 23. Qf5 Re8 24. Qa5+ Kc8 25. Rd1 Ndc5 26. Qb4 b5 27. a4 Rg8+ 28. Kf1 Bxh2 29. axb5 axb5 30. Nxb5 cxb5 31. Qxb5 Rg1+ 32. Ke2 Nf4+ 33. Kf3 Rxd1 34. Qxc5+ Kd7 35. Qxc4 Rd5 36. Qa4+ Ke7 37. Qe4+ Kf8 38. Qb4+ Kf7 39. Qb7+ Kg6 40. h5+ Rxh5 41. Qe4+ Kf7 42. Qb7+ Kg6 43. Qc8 f5 44. Qg8+ Kf6 45. Qf8+ Kg6 1/2-1/2

[Event "CHN-chT"]
[Site "Hebei"]
[Date "2025.04.27"]
[Round "3.2"]
[White "Qu, Haoming"]
[Black "Jiang, Haochen"]
[Result "0-1"]
[WhiteElo "2066"]
[BlackElo "2441"]
[PlyCount "182"]
[EventDate "2025.04.25"]
[EventType "team-swiss"]
[EventRounds "9"]
[EventCountry "CHN"]
[SourceTitle "CB20_2025"]
[SourceDate "2025.05.14"]
[SourceVersion "1"]
[SourceVersionDate "2025.05.14"]
[SourceQuality "1"]
[WhiteTeam "Qingdao"]
[BlackTeam "Shenzhen"]
[WhiteTeamCountry "CHN"]
[BlackTeamCountry "CHN"]

1. e4 c5 2. Nf3 a6 3. c3 e6 4. d4 d5 5. dxc5 Bxc5 6. exd5 Nf6 7. Bd3 exd5 8. Qe2+ Be7 9. h3 0-0 10. Be3 Re8 11. 0-0 Bc5 12. Nd4 Nc6 13. Rd1 Qb6 14. Qc2 h6 15. Nxc6 Bxe3 16. Nd4 Bf4 17. Nd2 Bd7 18. Re1 Bc7 19. N2f3 Nh5 20. Bh7+ Kf8 21. Bf5 Bxf5 22. Qxf5 Nf6 23. Qc2 g6 24. Rad1 Re4 25. Nd2 Qd6 26. g3 Ree8 27. Nf1 Ne4 28. h4 Re7 29. Re3 Rae8 30. Rf3 Kg8 31. Ne3 Nf6 32. Kg2 Re4 33. Qd2 R8e5 34. Qc2 Bb6 35. Qb3 Kg7 36. a4 h5 37. a5 Bxd4 38. cxd4 Re7 39. Qa3 R7e6 40. Qb3 Qd7 41. Rd2 Rc6 42. Rd1 Re7 43. Re1 Ree6 44. Rd1 Rc7 45. Rd3 Rc1 46. Rc3 Rc6 47. Rxc1 Rxc1 48. Qb6 Rc6 49. Qb3 Re6 50. Qb4 Ne4 51. Rf4 Qc6 52. Qb3 Nf6 53. Qb4 Qb5 54. Qxb5 axb5 55. b4 Rc6 56. Rf3 Rc1 57. Rf4 Rc6 58. Rf3 Kf8 59. Rf4 Ke7 60. f3 Ke6 61. g4 Rc1 62. Kf2 Rb1 63. Ke2 Rb2+ 64. Kd3 hxg4 65. fxg4 Rb3+ 66. Ke2 Ne4 67. Nc2 Rh3 68. Ne3 Rxh4 69. Nf5 Rh2+ 70. Ke3 gxf5 71. gxf5+ Kf6 72. Rf1 Rh3+ 73. Kf4 Nd6 74. a6 bxa6 75. Ra1 Rh4+ 76. Kf3 Rxd4 77. Rxa6 Ke5 78. Rb6 Rxb4 79. f6 Rf4+ 80. Kg3 Rxf6 81. Rb8 d4 82. Ra8 d3 83. Ra3 d2 84. Rd3 Rf1 85. Rxd2 Ne4+ 86. Kg2 Nxd2 87. Kh2 Kf4 88. Kg2 Kg4 89. Kh2 Rf2+ 90. Kg1 Kg3 91. Kh1 Rf1# 0-1